000 00682nam a2200217 i 4500
001 177346
003 ES-MaACL
005 20230906220316.0
007 t|
008 110316s1967 sp ac ||||1| spa d
080 _a75 Vlaminck, Maurice de
100 1 _aSelz, Jean.
_9145668
245 1 0 _aVlaminck /
_cpor Jean Selz ; [traducción de Antonio G. Valiente].
260 _aMadrid [etc.] :
_bDaimon, Manuel Tamayo,
_ccop. 1967.
300 _a94, [2] p. :
_bil. col. y n. ;
_c29 cm.
500 _aÍndice.
504 _aBibliografía: p. [95]
600 1 4 _aVlaminck, Maurice de.
_9145673
700 1 _aValiente, Antonio G.
_9112693
852 _aES-MaACL
_jE-14699
_xOlim P-1262
999 _c177346
_d177346